000 00941nam a22002657a 4500
005 20110711105427.0
008 110711t xxu||||| |||| 00| 0 eng d
010 _aENG-102961
020 _a9780198072065
_c695.00
020 _a0198072066
_c695.00
035 _aEN-86494
037 _bDBAD/PUB
040 _aDpl
_bEng
082 _a181.45
100 _929356
_aNagappa Gowda K.
245 _aThe Bhagavadgita in the nationalist discourse /
_cby Nagappa Gowda K.
260 _aNew Delhi
_bOxford University Press
_c2011
270 _aYMCA Library Building, 1 Jai Singh Road
_bNew Delhi
_e110001
300 _ax,286p.
_c22cm (Hb)
500 _aIncludes bibliographical references and index.
650 _929357
700 _929353
942 _2ddc
_cEN
_mNAG
_h181.45
999 _c53698
_d53698